000 00513nam a22001817a 4500
003 CEME
005 20210628203213.0
008 210119b xxu||||| |||| 00| 0 eng d
020 _a0-7680-1496-4
040 _cceme
082 _a629.231 BLU
100 _aBlundell, Michael , Harty, Damian
_963945
245 _aThe multibody systems approach to vehicle dynamics
260 _aINDIA
_bSAE
_c2004
300 _aXXI, 518 P
650 _aMULTIBODY SYSTEMS APPROACH TO VEHICLE DYNAMICS
_963946
942 _cBK
_2ddc
999 _c572625
_d572625